000 00736nam a22002537a 4500
001 BR9212105
003 BR-BrBNA
005 20230928093749.0
007 ta
008 230509b bl.||||| |||| 00| 0 por d
040 _aBR-BrBNA
_bpor
_cBiblioteca Nacional de Agricultura
041 _a(Por)
072 _aE14
090 _ E14 BR9212105
110 1 _aSecretaria da Agricultura, Abastecimento e Irrigacao, Florianopolis, SC (Brasil)
_98336
245 1 _aPlano agropecurio catarinense; 1987-1991
260 3 _aFlorianopolis, SC (Brasil):
_c1987.
300 _a64 p.
650 _aProjeto de Desenvolvimento
650 _aPolitica Agricola
650 _aSanta Catarina
909 _a202309
_bLucia
_c55
_dLucia Elande
942 _cBK
999 _c46968
_d46968